000 00333nam a2200133Ia 4500
008 220216s9999 xx 000 0 und d
100 _aLalithambika J
245 0 _aLiberalisation to boost export capability
260 _bRubber Asia
_c1994
300 _a33-36
650 _aNatural rubber
650 _aRubber export
942 _cJS
999 _c62167
_d62167